The narrows : (Record no. 174443)

000 -LEADER
fixed length control field 01082cam a2200325 a 4500
001 - CONTROL NUMBER
control field 13411690
003 - CONTROL NUMBER IDENTIFIER
control field Nust
005 - DATE AND TIME OF LATEST TRANSACTION
control field 20220829150903.0
008 - FIXED-LENGTH DATA ELEMENTS--GENERAL INFORMATION
fixed length control field 031121s2004 nyu 000 1 eng
010 ## - LIBRARY OF CONGRESS CONTROL NUMBER
LC control number 2003025681
020 ## - INTERNATIONAL STANDARD BOOK NUMBER
International Standard Book Number 9780752863801
040 ## - CATALOGING SOURCE
Original cataloging agency DLC
Transcribing agency DLC
Modifying agency DLC
043 ## - GEOGRAPHIC AREA CODE
Geographic area code n-us-ca
050 00 - LIBRARY OF CONGRESS CALL NUMBER
Classification number PS3553.O51165
Item number N37 2004
082 00 - DEWEY DECIMAL CLASSIFICATION NUMBER
Classification number 823
Author Mark CON
100 1# - MAIN ENTRY--PERSONAL NAME
Personal name Connelly, Michael,
Dates associated with a name 1956-
9 (RLIN) 12066
245 14 - TITLE STATEMENT
Title The narrows :
Remainder of title a novel /
Statement of responsibility, etc. by Michael Connelly.
250 ## - EDITION STATEMENT
Edition statement 1st ed.
260 ## - PUBLICATION, DISTRIBUTION, ETC.
Place of publication, distribution, etc. New York :
Name of publisher, distributor, etc. Little, Brown,
Date of publication, distribution, etc. 2004.
300 ## - PHYSICAL DESCRIPTION
Extent 392 p. ;
Dimensions 25 cm.
600 10 - SUBJECT ADDED ENTRY--PERSONAL NAME
Personal name Bosch, Harry
Form subdivision Fiction.
9 (RLIN) 12071
650 #0 - SUBJECT ADDED ENTRY--TOPICAL TERM
Topical term or geographic name entry element Private investigators
Geographic subdivision California
-- Los Angeles
Form subdivision Fiction.
9 (RLIN) 14303
650 #0 - SUBJECT ADDED ENTRY--TOPICAL TERM
Topical term or geographic name entry element Serial murders
Form subdivision Fiction.
9 (RLIN) 7660
651 #0 - SUBJECT ADDED ENTRY--GEOGRAPHIC NAME
Geographic name Los Angeles River (Calif.)
Form subdivision Fiction.
9 (RLIN) 98605
651 #0 - SUBJECT ADDED ENTRY--GEOGRAPHIC NAME
Geographic name Los Angeles (Calif.)
Form subdivision Fiction.
655 #7 - INDEX TERM--GENRE/FORM
Genre/form data or focus term Mystery fiction.
Source of term gsafd
906 ## - LOCAL DATA ELEMENT F, LDF (RLIN)
a 7
b cbc
c orignew
d 1
e ecip
f 20
g y-gencatlg
942 ## - ADDED ENTRY ELEMENTS (KOHA)
Source of classification or shelving scheme
Koha item type Book
Holdings
Withdrawn status Lost status Source of classification or shelving scheme Damaged status Not for loan Permanent Location Current Location Shelving location Date acquired Total Checkouts Full call number Barcode Date last seen Date last checked out Copy number Price effective from Koha item type
          Central Library (CL) Central Library (CL) Fiction 01/26/2017 1 823 CON CL124 10/22/2017 10/06/2017 1 01/26/2017 Book
© 2023 Central Library, National University of Sciences and Technology. All Rights Reserved.